Loran, long range navigation / (Record no. 183829)
[ view plain ]
| 000 -LEADER | |
|---|---|
| fixed length control field | 00664 a2200205 4500 |
| 003 - CONTROL NUMBER IDENTIFIER | |
| control field | Nust |
| 005 - DATE AND TIME OF LATEST TRANSACTION | |
| control field | 20221222101622.0 |
| 010 ## - LIBRARY OF CONGRESS CONTROL NUMBER | |
| LC control number | 48006305 |
| 040 ## - CATALOGING SOURCE | |
| Transcribing agency | Nust |
| 082 ## - DEWEY DECIMAL CLASSIFICATION NUMBER | |
| Classification number | 621.384191,LOR |
| 100 ## - MAIN ENTRY--PERSONAL NAME | |
| Personal name | Pierce, John Alvin, |
| 9 (RLIN) | 105621 |
| 245 ## - TITLE STATEMENT | |
| Title | Loran, long range navigation / |
| Statement of responsibility, etc. | Eidted. by J.A. Pierce, A.A. McKenzie & R.H. Woodward. |
| 250 ## - EDITION STATEMENT | |
| Edition statement | 1st ed |
| 260 ## - PUBLICATION, DISTRIBUTION, ETC. | |
| Place of publication, distribution, etc. | McGraw-Hill Book Co |
| Name of publisher, distributor, etc. | New York |
| Date of publication, distribution, etc. | 1948 |
| 300 ## - PHYSICAL DESCRIPTION | |
| Extent | xiv, 476 p |
| Other physical details | illus |
| Dimensions | maps |
| Accompanying material | diagrs |
| Type of unit | 24 cm. |
| 505 ## - FORMATTED CONTENTS NOTE | |
| Formatted contents note | Part.1 The Loran System (Page-3), Part.2 Loran Equipment (Page-197). |
| 600 ## - SUBJECT ADDED ENTRY--PERSONAL NAME | |
| Personal name | Pierce, John Alvin, |
| 9 (RLIN) | 105621 |
| 650 ## - SUBJECT ADDED ENTRY--TOPICAL TERM | |
| Topical term or geographic name entry element | Loran, long range navigation |
| 9 (RLIN) | 105622 |
| 942 ## - ADDED ENTRY ELEMENTS (KOHA) | |
| Source of classification or shelving scheme | |
| Koha item type | Book |
| Withdrawn status | Lost status | Source of classification or shelving scheme | Damaged status | Not for loan | Permanent Location | Current Location | Shelving location | Date acquired | Full call number | Barcode | Date last seen | Price effective from | Koha item type | Public note |
|---|---|---|---|---|---|---|---|---|---|---|---|---|---|---|
| Military College of Signals (MCS) | Military College of Signals (MCS) | General Stacks | 12/12/2016 | 621.384191,LOR | MCS20603 | 12/08/2016 | 12/12/2016 | Book | Almirah No.39, Shelf No.1 |
